000 00639nam a22001937a 4500
003 OSt
005 20191205145403.0
008 130925b xxu||||| |||| 00| 0 esp d
040 _aBMC
_cBMC
082 _a972.84053
100 1 0 _94774
_aMartínez Peñate, Óscar
245 1 0 _aEl Salvador
_b: del conflicto armado a la negociación, 1979-1989
_cÓscar Martínez Peñate ; [traducción, María Elena Sánchez]
250 _a1ª ed.
260 _aSan Salvador
_bNuevo Enfoque
_c1997
300 _a231 p.
_c20 cm
651 0 4 _99155
_aEl Salvador
_xHistoria
_y1980-1992 (Guerra civil)
700 1 _99246
_aSánchez, María Elena
942 _2ddc
_cBK
999 _c4051
_d4051